=LDR 00000nam 2200000 4500 =001 INLIS000000000038787 =005 20130612144440 =008 ***********************************Ind** =035 ##$$0010-061300000038787 =041 ##$$a Ind =082 ##$$a 634.65 =090 ##$$a 634.65, Sob b =100 ##$$a Sobir =245 ##$$a Bertanam durian unggul/oleh Sobir,Ph.d =260 ##$$a 2010 $b Jakarta =300 ##$$a 212hlm., ilus,, 22 cm =650 ##$$a Durian - budidaya =850 ##$$a NBPNMAT